Statistics for Πολιτείες των ΗΠΑ

Click here to take the quiz!

General Stats

  • This quiz has been taken 57 times
    (40 since last reset)
  • The average score is 16 of 50

Answers on the Map

Answers color-coded by a green-red scale on the quiz's map according to % correct below.
 

Answer Stats

Πολιτείες% Correct
Καλιφόρνια
81%
Τέξας
77%
Νέα Υόρκη
73%
Αλάσκα
58%
Φλόριντα
58%
Ουάσινγκτον
54%
Μασαχουσέτη
50%
Ιλινόι
46%
Νέο Μεξικό
46%
Αλαμπάμα
46%
Οχάιο
46%
Αριζόνα
46%
Νότια Ντακότα
38%
Βόρεια Ντακότα
38%
Κολοράντο
38%
Κάνσας
38%
Κεντάκι
38%
Βόρεια Καρολίνα
35%
Μινεσότα
35%
Οκλαχόμα
35%
Λουιζιάνα
35%
Νεβάδα
35%
Μίσιγκαν
31%
Όρεγκον
31%
Νότια Καρολίνα
31%
Τενεσί
31%
Βιρτζίνια
31%
Νεμπράσκα
31%
Μοντάνα
27%
Μιζούρι
27%
Μέιν
27%
Αρκάνσας
27%
Κονέκτικατ
23%
Ιντιάνα
23%
Πενσυλβάνια
23%
Δυτική Βιρτζίνια
23%
Χαβάη
23%
Τζόρτζια
23%
Γιούτα
19%
Μισισιπής
12%
Μέριλαντ
12%
Άιοβα
8%
Ουισκόνσιν
8%
Βερμόντ
8%
Γουαϊόμινγκ
4%
Αϊντάχο
4%
Ρόουντ Άιλαντ
4%
Ντέλαγουερ
0%
Νέο Χάμσαϊρ
0%
Νέο Τζέρσεϊ
0%

Score Distribution

Percentile by Number Answered

Percent of People with Each Score

Your Score History

You have not taken this quiz since the last reset